Представление документа в формате RUSMARC

ПолеНазваниеЗначение
  Тип записи c
  Библиографический уровень m
001 Контрольный номер UONB/NOTY/21b19213cb5044dca07ab31d43d22b52
005 Дата корректировки 20250520123021.0
010 Индекс ISBN __
9 Тираж 64850 экз.
013 Номер (ISMN) __
d Цена 20 к.
100 Данные общей обработки __
a Данные общей обработки 20220804d1982 u##y0rusy0189## ca
101 Язык документа 0_
a Язык текста rus
f Язык титульного листа rus
102 Страна публикации __
a Страна публикации RU
125 Кодированные данные звукозаписи и нотных изданий __
a Форма изложения нотного текста m
128 Кодированные данные (звукозаписи-физические характеристики) __
a Кодированные данные: Музыкальная форма и тональность или лад sg
b Инструменты или голоса, необходимые для ансамблей (устаревшее) cu
b Инструменты или голоса, необходимые для ансамблей (устаревшее) cd
c Инструменты или голоса, рекомендуемые для солистов (устаревшее) vu
200 Заглавие и сведения об ответственности 1_
a Заглавие Поет хор
e Сведения, относящиеся к заглавию [для хора разных составов с сопровожд. баяна и без сопровожд.]
f Первые сведения об ответственности сост. О. Я. Дымов
203 Вид содержания и тип средства __
a Вид содержания Музыка
b Характеристика содержания знаковая
c Тип средства непосредственная
210 Выходные данные 1_
a Место издания Москва
c Издательство Советская Россия
d Дата издания 1983
215 Физическое описание __
d Формат 20 см
a Объем 111 с.
225 Серия 2_
a Серия Библиотечка "В помощь художественной самодеятельности"
v Обозначение тома № 20
327 Примечание о содержании 01
a Примечание о содержании Содерж. : Маслов Ф. Страна Октября / сл. В. Малкова. - Комаров В. Родина / муз. и сл. В. Комарова. - Нестеров А. Люблю тебя, моя Россия / сл. С. Васильева. - Бабаджанян А. Верны мы делу Ленина / сл. А. Дементьева. - Шибаев В. Когда ключом кипели вкруг событья... / сл. Д. Кугультинова. - Флярковский А. Пять ночей и дней / сл. В. Инбер. - Веретенников И. На просторах родных / слова народные. - Львов-Компанеец Д. Хлеборобы / сл. М. Садовского. - Евграфов Ю. Урожайная / сл. В. Маяковского. - Литвинов В. Подмосковье - родная земля / сл. Т. Алексеевой. - Егоров О. Милая сторонка / сл. М. Бебана. - Заволокин А., Заволокин Г. Как у осени / сл. В. Бокова. - Кутузов Н. Кто с нами? / сл. Н. Тряпкина. - Ах ты, ночь моя ; В деревне было Ольховке : рус. нар. песни / обраб. В. Попова. - Поликарпов Н. Пойду, выйду к быстрой речке / сл. О. Ковалевой. - Пономаренко Г. Ты о чем грустишь, калина? / сл. В. Дюнина. - Волченко В. Говори со мной / сл. И. Машбаша. - Дубравин Я. Ищу в природе красоту / сл. А. Чепурова. - Основиков А. Ставропольская осень / сл. В. Семернина. - Крылатов Е. Крылатые качели : из кф. "Приключения Электроника" / сл. Ю. Энтина. - Григоренко В. По воде круги... / сл. В. Татаринова. - Савельев А. Скажи, калинушка / сл. В. Бурыгина. - Чудова Т. Месяц / сл. В. Лебедевой. - Кикта В. Луговая пастораль / сл. Б. Дубровина. - Левандо М. Утро ; Вечер / сл. Ф. Тютчева. - Касьянов А. Не пенится море / сл. А. Толстого. - Яркин Б. Раздумье : вокализ.
464 Аналитический уровень _0
1 700 1
a Маслов
b Ф.
1 702 1
a Малков
b В.
4 520
1 2001
a Страна Октября
1 036
t Гордимся тобой, трудовая держава...
464 Аналитический уровень _0
1 700 1
a Комаров
b В.
1 702 1
a Комаров
b В.
4 520
1 2001
a Родина
1 036
t Родина! Родина! Родина!..
464 Аналитический уровень _0
1 700 1
a Нестеров
b А.
1 702 1
a Васильев
b С.
4 520
1 2001
a Люблю тебя, моя Россия
1 036
t Люблю тебя, моя Россия...
464 Аналитический уровень _0
1 700 1
a Бабаджанян
b А.
1 702 1
a Дементьев
b А.
4 520
1 2001
a Верны мы делу Ленина
1 036
t Встает рассвет над Волгою...
464 Аналитический уровень _0
1 700 1
a Шибаев
b В.
1 702 1
a Кугультинов
b Д.
4 520
1 2001
a Когда ключом кипели вкруг событья...
1 036
t Когда ключом кипели вкруг событья...
464 Аналитический уровень _0
1 700 1
a Флярковский
b А.
1 702 1
a Инбер
b В.
4 520
1 2001
a Пять ночей и дней
1 036
t И прежде чем укрыть в могиле...
464 Аналитический уровень _0
1 700 1
a Веретенников
b И.
1 702 1
a Слова народные
4 520
1 2001
a На просторах родных
1 036
t На просторах родных, черноземных...
464 Аналитический уровень _0
1 700 1
a Львов-Компанеец
b Д.
1 702 1
a Садовский
b М.
4 520
1 2001
a Хлеборобы
1 036
t Зорька глядит в окно...
464 Аналитический уровень _0
1 700 1
a Евграфов
b Ю.
1 702 1
a Маяковский
b В.
4 520
1 2001
a Урожайная
1 036
t Добьемся урожая мы...
464 Аналитический уровень _0
1 700 1
a Литвинов
b В.
1 702 1
a Алексеева
b Т.
4 520
1 2001
a Подмосковье - родная земля
1 036
t Согретые солнцем, дождями омытые...
464 Аналитический уровень _0
1 700 1
a Егоров
b О.
1 702 1
a Бебан
4 520
1 2001
a Милая сторонка
1 036
t Солнечные плесы...
464 Аналитический уровень _0
1 700 1
a Заволокин
b А.
1 701 1
a Заволокин
b Г.
1 702 1
a Боков
b В.
4 520
1 2001
a Как у осени
1 036
t Как у осени...
464 Аналитический уровень _0
1 700 1
a Кутузов
b Н.
1 702 1
a Тряпкин
b Н.
1 2001
a Кто с нами?
e Кто с нами, да, к ясному солнцу?..
464 Аналитический уровень _0
1 702 1
a Попов
b В.
4 030
1 2001
a Ах ты, ночь моя
e рус. нар. песня
1 036
t Ах ты, ночь моя...
464 Аналитический уровень _0
1 702 1
a Попов
b В.
4 030
1 2001
a В деревне было Ольховке
e рус. нар. песня
1 036
t В деревне было Ольховке...
464 Аналитический уровень _0
1 700 1
a Поликарпов
b Н.
1 702 1
a Ковалева
b О.
4 520
1 2001
a Пойду, выйду к быстрой речке
1 036
t Пойду, выйду к быстрой речке...
464 Аналитический уровень _0
1 700 1
a Пономаренко
b Г.
1 702 1
a Дюнин
b В.
4 520
1 2001
a Ты о чем грустишь, калина?
1 036
t Ты о чем грустишь, калина...
464 Аналитический уровень _0
1 700 1
a Волченко
b В.
1 702 1
a Машбаш
b И.
4 520
1 2001
a Говори со мной
1 036
t Ты говори со мной, со мной...
464 Аналитический уровень _0
1 700 1
a Дубравин
b Я.
1 702 1
a Чепуров
b А.
4 520
1 2001
a Ищу в природе красоту
1 036
t Ищу в природе красоту...
464 Аналитический уровень _0
1 700 1
a Основиков
b А.
1 702 1
a Семернин
b В.
4 520
1 2001
a Ставропольская осень
1 036
t Роняют листву тополя...
464 Аналитический уровень _0
1 700 1
a Крылатов
b Е.
1 702 1
a Энтин
b Ю.
4 520
1 2001
a Крылатые качели
e из кф. "Приключения Электроника"
1 036
t В юном месяце апреле...
1 50010
a Приключения Электроника
i Крылатые качели
464 Аналитический уровень _0
1 700 1
a Григоренко
b В.
1 702 1
a Татаринов
b В.
4 520
1 2001
a По воде круги...
1 036
t Если бросить в речку камень...
464 Аналитический уровень _0
1 700 1
a Савельев
b А.
1 702 1
a Бурыгин
b В.
4 520
1 2001
a Скажи, калинушка
1 036
t О чем грустишь, калинушка...
464 Аналитический уровень _0
1 700 1
a Чудова
b Т.
1 702 1
a Лебедева
b В.
4 520
1 2001
a Месяц
1 036
t Ой, ты месяц молодой...
464 Аналитический уровень _0
1 700 1
a Кикта
b В.
1 702 1
a Дубровин
b Б.
4 520
1 2001
a Луговая пастораль
1 036
t Где с цветами дружит...
464 Аналитический уровень _0
1 700 1
a Левандо
b М.
1 702 1
a Тютчев
b Ф.
4 520
1 2001
a Утро
1 036
t Лазурь небесная смеется...
464 Аналитический уровень _0
1 700 1
a Левандо
b М.
1 702 1
a Тютчев
b Ф.
4 520
1 2001
a Вечер
e Как тихо веет над долиной...
464 Аналитический уровень _0
1 700 1
a Касьянов
b А.
1 702 1
a Толстой
b А.
4 520
1 2001
a Не пенится море
1 036
t Не пенится море, не плещет волна...
464 Аналитический уровень _0
1 700 1
a Яркин
b Б.
1 2001
a Раздумье
e вокализ
512 Заглавие обложки 1_
a Заглавие обложки Поет хор
606 Тематические рубрики 0_
a Основная рубрика Хоровое пение
x Основная подрубрика Хоровые произведения
x Основная подрубрика Песни о Родине
x Основная подрубрика Массовые песни
x Основная подрубрика Лирические песни
x Основная подрубрика Детские хоры
y Географическая подрубрика Россия
z Хронологическая подрубрика 20 в.
610 Ключевые слова 0_
a Ключевые слова хоровое пение; песни советских композиторов; песни о Родине; массовые песни; лирические песни; детские хоры
686 Индексы других классификаций __
a Классификационный индекс 85.941.0-041(2)я436
2 Код системы rubbk
702 Вторичная интеллектуальная ответственность _1
a Фамилия Дымов
b Имя (инициалы) О. Я.
4 Код отношения 220
801 Источник записи _0
a Страна RU
b Организация Ульяновская ОНБ
c Дата составления 20220804
g Правила каталогизации RCR
801 Источник записи _1
a Страна RU
b Организация Ульяновская ОНБ
c Дата составления 20220804
g Правила каталогизации RCR
901 Тип документа __
t Тип документа m
909 Создатель записи __
a Создатель записи Никитина Т. А.